00881nam a2200229Ia 450000500170000000800410001702000150005808200170007310000450009024501040013525000180023930000260025760000680028365000590035165100480041070000370045826400330049533600270052833700330055533800280058804000350061620220317000506.0160601s2003 ck a g 000 0 spa  a958360083004a320.5 bS15e1 aSantander, Francisco de Paulad1792-184010aEscritos políticos cFrancisco de Paula Santander ; selección y prólogo de Jorge Orlando Melo a1a edición  a125 páginas c22 cm14aSantander, Francisco de Paulad1792-1840xEscritos políticos 142LEMBaPolíticos colombianosvColecciones de escritos 4aColombia xPolítica y gobiernoy1820-18371 aMelo, Jorge Orlandodcompilador  aBogotá bEl Áncorac2003 atextobtxt2rdacontent asin mediaciónbn2rdamedia avolumenbnc2rdacarrier aCO-BoRNBPbspaerdacCO-BoRNBP